| 000 | 00891cam a22002535a 4500 | ||
|---|---|---|---|
| 001 | 13811391 | ||
| 005 | 20160131150729.0 | ||
| 008 | 041210s2005 flua frb 001 0 eng d | ||
| 020 | _a1574444980 (alk. paper) | ||
| 020 | _a9781574444988 | ||
| 040 |
_aDLC _beng _cDLC _dDLC _dEG-ScBUE |
||
| 082 | 0 | 4 |
_a611.01816 _222 _bNUC |
| 245 | 0 | 0 |
_aNucleoside triphosphates and their analogs : _bchemistry, biotechnology, and biological applications / _c[edited by] Morteza Vaghefi. |
| 260 |
_aBoca Raton : _bCRC Press / Taylor & Francis Group, _c2005. |
||
| 300 |
_a393 p. : _bill. ; _c24 cm. |
||
| 500 | _aIndex : p. 383-393. | ||
| 504 | _aIncludes bibliographical references. | ||
| 650 | 7 |
_aNucleotides. _2BUEsh _939194 |
|
| 650 | 7 |
_aAdenosine triphosphate. _2BUEsh _939195 |
|
| 651 | _2BUEsh | ||
| 653 |
_bENGGEN _cJune2015 _cJanuary2016 |
||
| 700 | 1 |
_aVaghefi, Morteza M., _eeditor. |
|
| 942 | _2ddc | ||
| 999 |
_c20053 _d20025 |
||